Statistics for Island or Peninsula?

Click here to take the quiz!

General Stats

  • This quiz has been taken 24 times
  • The average score is 16 of 20

Answer Stats

QuestionAnswer% Correct
BahrainIsland
100%
SakhalinIsland
96%
IberiaPeninsula
96%
SinaiPeninsula
96%
KamchatkaPeninsula
96%
JutlandPeninsula
96%
GotlandIsland
91%
Vancouver (Canada)Island
91%
JejuIsland
87%
ZealandIsland
87%
MiquelonIsland
83%
JerseyIsland
83%
PeloponnesePeninsula
83%
NewfoundlandIsland
74%
IstriaPeninsula
70%
BiokoIsland
65%
ChukchiPeninsula
65%
SevernyIsland
61%
KowloonPeninsula
57%
SomersetIsland
39%

Score Distribution

Percentile by Number Answered

Percent of People with Each Score

Your Score History

You have not taken this quiz